000 00933nam a2200169 i 4500
001 164152
003 ES-MaACL
005 20230906212900.0
008 940301m18261829sp |||| | spa d
040 _aAS
_bspa
100 0 _aRuiz de Alarcón y Mendoza, Juan.
_9100719
245 1 0 _aComedias escogidas de don Juan Ruiz de Alarcón y Mendoza
_b: tomo primero [-segundo].
260 _aMadrid :
_b[s.n.],
_c1826-1829 (
_fImprenta de Ortega y Compañía)
300 _a2 v. (509, [1] p. ; 586, [2] p.) ;
_c16 cm.
505 8 _aContiene: t. 1. Ganar amigos (p.3-122) ; La verdad sospechosa (p.123-256) ; El exámen de Maridos (p. 257-380) ; Las Paredes oyen (p. 381-509) -- t. 2. Los empeños de su engaño (p. 3-128) ; Quien engaña más a quien (p. 129-250) ; Nunca mucho costo poco (p. 251-462) ; El Tejedor de Segovia, segunda parte (p.463-586).
852 _x
_aBA
_jR-2400-01
_z-- Enc. pasta
_x-- Olim: F-1383-84
999 _c164152
_d164152